000 01581cam a2200433 4500
001 21893
003 VRT
005 20260313182055.0
008 240325s2023 xo a c 000 j slo
015 _aSNBA2024/04
020 _a9788082191069
_q(viazané)
039 9 _a202404181459
_bAUTHORITY
_c202404181447
_dAUTHORITY
_c202404121449
_dmsnk176
040 _aSNK
_bslo
_cSNK
_erda
041 0 _aslo
044 _axo
_cSK
072 7 _a821.162.4-3
_xSlovenská próza
_2konspekt
072 7 _a821-93
_xLiteratúra pre deti a mládež (beletria)
_2konspekt
080 _a821.162.4-32
_22011
080 _a82-93-053.4/.5
_22011
100 1 _aDodoková, Zuzana
_d1977-
_4aut
245 1 0 _aLukášové trampoty
_cZuzana Dodoková ; ilustrovala Nikola Aronová
264 1 _aBratislava
_bVerbarium
_c2023
300 _a95 strán
_bčiernobiele ilustrácie
_c22 cm
336 _atext
_btxt
_2rdacontent
337 _abez média
_bn
_2rdamedia
338 _azväzok
_bnc
_2rdacarrier
500 _aObsahuje biografické údaje o autorke
521 8 _aPre deti od 10 rokov
655 7 _aslovenské príbehy
_2SNKPH
655 7 _aliteratúra pre deti a mládež
_2SNKPH
655 7 _aSlovak stories
_2SNKPHeng
655 7 _aChildren's and juvenile literature
_2SNKPHeng
700 1 _aAronová, Nikola,
_d1994-
_4ill
_4bkd
942 _2ddc
_cKLDE
_n0
949 _617A1550642
_asnkSC 205765 D1
_bsnk2024/9744
_o203/24, DK 31/24
949 _617A1545750
_asnkSC 205765
_bsnk2024/5025
_o523/24
949 _60174037274
_alesknPRINT
_blesknBD2024/30462
999 _c21893
_d21893